[Event "Blagny op 6th"]
[Site "Blagny"]
[Date "2014.01.06"]
[Round "6"]
[White "Halfaoui, Eddine"]
[Black "Wallart, Adrien"]
[Result "0-1"]
[WhiteElo "1921"]
[BlackElo "2282"]
[PlyCount "76"]
[EventDate "2014.??.??"]
[EventType "swiss"]
[EventRounds "6"]
[EventCountry "FRA"]
[SourceTitle "EXT 2015"]
[Source "ChessBase"]
[SourceDate "2014.11.20"]
[SourceVersion "1"]
[SourceVersionDate "2014.11.20"]
[SourceQuality "1"]

1. g3 c5 2. Bg2 Nc6 3. c4 g6 4. Nc3 Bg7 5. Nf3 e5 6. 0-0 Nge7 7. e4 d6 8. d3 0-0 9. Be3 h6 10. Qd2 Kh7 11. Ne1 Nd4 12. f4 Rb8 13. Nf3 a6 14. Nd5 b5 15. Bxd4 exd4 16. Nxe7 Qxe7 17. b3 Bg4 18. Rab1 Qd7 19. Rfe1 Rfe8 20. Qa5 b4 21. e5 f6 22. e6 Bxe6 23. Qxa6 Bf5 24. Rbd1 Ra8 25. Ng5+ fxg5 26. Bxa8 gxf4 27. Bc6 Rxe1+ 28. Rxe1 Qf7 29. Bd5 Qf6 30. Qa8 h5 31. Re8 fxg3 32. Bg8+ Kh6 33. hxg3 Bxd3 34. Qg2 Qg5 35. Qf2 Bf5 36. Be6 d3 37. Bxf5 Bd4 38. Bxd3 Qxg3+ 0-1

[Event "Charleville Mezieres op 11th"]
[Site "Charleville Mezieres"]
[Date "2014.??.??"]
[Round "6"]
[White "Dgebuadze, Alexandre"]
[Black "Wallart, Adrien"]
[Result "1-0"]
[WhiteElo "2474"]
[BlackElo "2278"]
[PlyCount "95"]
[EventDate "2014.12.26"]
[EventType "swiss"]
[EventRounds "7"]
[EventCountry "FRA"]
[SourceTitle "CBM 164 Extra"]
[Source "ChessBase"]
[SourceDate "2015.03.02"]
[SourceVersion "1"]
[SourceVersionDate "2015.03.02"]
[SourceQuality "1"]

1. d4 d5 2. Nf3 Nf6 3. Bg5 c5 4. e3 Ne4 5. Bf4 Nc6 6. c3 e6 7. Nbd2 Nxd2 8. Qxd2 Bd6 9. Bb5 0-0 10. 0-0 Bxf4 11. exf4 cxd4 12. cxd4 Ne7 13. Rac1 Bd7 14. Bd3 Qb6 15. Rc5 Qd6 16. Rfc1 Rac8 17. g3 b6 18. Rxc8 Rxc8 19. Rxc8+ Bxc8 20. Qc2 g6 21. h4 f6 22. h5 Kf7 23. hxg6+ hxg6 24. Bxg6+ Nxg6 25. Qxc8 a5 26. f5 Nf8 27. fxe6+ Nxe6 28. Qc3 Ng5 29. Nxg5+ fxg5 30. Kg2 Qd7 31. Qf3+ Kg6 32. b3 g4 33. Qd3+ Kf6 34. Qe3 b5 35. Qh6+ Kf5 36. f3 Qc7 37. fxg4+ Ke4 38. Qf4+ Qxf4 39. gxf4 Kxf4 40. Kh3 a4 41. bxa4 bxa4 42. Kh4 Ke4 43. g5 Kxd4 44. g6 Kc3 45. g7 d4 46. g8Q d3 47. Qh8+ Kc2 48. Qd4 1-0

[Event "Charleville Mezieres op 11th"]
[Site "Charleville Mezieres"]
[Date "2014.??.??"]
[Round "1"]
[White "Roule, Nicolas"]
[Black "Wallart, Adrien"]
[Result "0-1"]
[WhiteElo "1628"]
[BlackElo "2278"]
[PlyCount "80"]
[EventDate "2014.12.26"]
[EventType "swiss"]
[EventRounds "7"]
[EventCountry "FRA"]
[SourceTitle "CBM 164 Extra"]
[Source "ChessBase"]
[SourceDate "2015.03.02"]
[SourceVersion "1"]
[SourceVersionDate "2015.03.02"]
[SourceQuality "1"]

1. d4 Nf6 2. c4 g6 3. Nc3 d5 4. cxd5 Nxd5 5. e4 Nxc3 6. bxc3 Bg7 7. Nf3 c5 8. Be2 Nc6 9. Be3 Bg4 10. Rb1 Qc7 11. 0-0 0-0 12. h3 Bxf3 13. Bxf3 Rfd8 14. Qb3 cxd4 15. Bxd4 e5 16. Be3 Na5 17. Qb5 b6 18. Be2 Qxc3 19. Rfc1 Qa3 20. Rc2 Rac8 21. Rxc8 Rxc8 22. Qd7 Ra8 23. Rc1 Qf8 24. Rc7 Rd8 25. Qe7 Qxe7 26. Rxe7 Ra8 27. Rc7 Bf6 28. Kf1 Bd8 29. Rd7 Kg7 30. Ke1 Kf6 31. Bg4 h5 32. Be2 Ke6 33. Rd5 Rc8 34. Kd1 Be7 35. Bb5 Bd6 36. Kd2 f5 37. Kd3 fxe4+ 38. Kxe4 Nc4 39. Rd1 Na3 40. Ba4 Rc4+ 0-1

[Event "Blagny op 4th"]
[Site "Blagny"]
[Date "2012.04.09"]
[Round "5.4"]
[White "Wallart, Adrien"]
[Black "Bertrand, Catherine"]
[Result "1-0"]
[WhiteElo "2265"]
[BlackElo "1851"]
[PlyCount "87"]
[EventDate "2012.03.??"]
[EventType "swiss"]
[EventRounds "6"]
[EventCountry "FRA"]
[SourceTitle "EXT 2014"]
[Source "ChessBase"]
[SourceDate "2013.11.20"]
[SourceVersion "1"]
[SourceVersionDate "2013.11.20"]
[SourceQuality "1"]

1. Nf3 Nf6 2. c4 g6 3. Nc3 Bg7 4. e4 d6 5. d4 0-0 6. Be2 e5 7. 0-0 exd4 8. Nxd4 Re8 9. f3 Nc6 10. Be3 Nh5 11. g4 Bxd4 12. Bxd4 Nxd4 13. Qxd4 Nf4 14. Kh1 Qg5 15. Rg1 Qe5 16. Qxe5 dxe5 17. Rgd1 g5 18. Bf1 c6 19. Rd2 Ne6 20. Ne2 Kf8 21. Kg1 Ke7 22. Rad1 f6 23. Kf2 Rd8 24. Rxd8 Nxd8 25. Ng3 c5 26. Bd3 Nc6 27. Ke3 Be6 28. Ne2 Rd8 29. Nc3 Nd4 30. b3 h5 31. h3 hxg4 32. fxg4 Rh8 33. Bf1 Rd8 34. Rd2 Rd7 35. Rh2 Kd6 36. Rd2 a6 37. Rf2 Rf7 38. Rd2 Rd7 39. Nd1 Rh7 40. Rf2 Rf7 41. Nc3 Kc6 42. Nd5 Bxd5 43. exd5+ Kd6 44. Bd3 1-0

[Event "Blagny op 4th"]
[Site "Blagny"]
[Date "2012.04.08"]
[Round "3"]
[White "Wallart, Adrien"]
[Black "Picard, Serge"]
[Result "1/2-1/2"]
[WhiteElo "2265"]
[BlackElo "2098"]
[PlyCount "63"]
[EventDate "2012.03.??"]
[EventType "swiss"]
[EventRounds "6"]
[EventCountry "FRA"]
[SourceTitle "EXT 2014"]
[Source "ChessBase"]
[SourceDate "2013.11.20"]
[SourceVersion "1"]
[SourceVersionDate "2013.11.20"]
[SourceQuality "1"]

1. c4 c6 2. Nf3 d5 3. d4 e6 4. Nc3 dxc4 5. a4 Bb4 6. e3 b5 7. Bd2 a5 8. Rb1 Bd7 9. Ne5 Nf6 10. Qf3 Ra7 11. Be2 0-0 12. 0-0 Bd6 13. Rfd1 Qc7 14. Nxd7 Qxd7 15. e4 Be7 16. Be3 b4 17. Na2 c5 18. Bxc4 Qxa4 19. Nc1 cxd4 20. b3 Qc6 21. Bxd4 Rd7 22. e5 Qxf3 23. gxf3 Bc5 24. Ne2 Rfd8 25. Bb5 Rd5 26. Bc4 R5d7 27. Bb5 Rd5 28. Rbc1 Bxd4 29. Rxd4 Rxd4 30. Nxd4 Nfd7 31. f4 Nb6 32. Ne2 1/2-1/2

[Event "Blagny op 4th"]
[Site "Blagny"]
[Date "2012.04.07"]
[Round "2.1"]
[White "Fournier, Manuel"]
[Black "Wallart, Adrien"]
[Result "0-1"]
[WhiteElo "1875"]
[BlackElo "2265"]
[PlyCount "74"]
[EventDate "2012.03.??"]
[EventType "swiss"]
[EventRounds "6"]
[EventCountry "FRA"]
[SourceTitle "EXT 2014"]
[Source "ChessBase"]
[SourceDate "2013.11.20"]
[SourceVersion "1"]
[SourceVersionDate "2013.11.20"]
[SourceQuality "1"]

1. e4 c5 2. Nf3 Nc6 3. d4 cxd4 4. Nxd4 Nf6 5. Nc3 e5 6. Ndb5 d6 7. Bg5 a6 8. Na3 b5 9. Nd5 Be7 10. Bxf6 Bxf6 11. Bd3 Bg5 12. 0-0 0-0 13. c3 Be6 14. Nc2 Rb8 15. Nce3 a5 16. f4 exf4 17. Nxf4 Qb6 18. Qe2 Ne5 19. Kh1 b4 20. Nxe6 fxe6 21. Nc4 Qc5 22. Nxe5 Qxe5 23. cxb4 axb4 24. b3 Bf6 25. Rad1 g6 26. Bc4 Kg7 27. Qg4 Rfe8 28. Rf2 h5 29. Qf3 Rf8 30. Qd3 Be7 31. Rxf8 Rxf8 32. Qe2 Rf4 33. Bd3 Bf6 34. g3 Rg4 35. Rc1 d5 36. exd5 Qxd5+ 37. Kg1 Bd4+ 0-1

[Event "FRA-chT2 1011"]
[Site "France"]
[Date "2010.10.17"]
[Round "1.2"]
[White "Bertrand, Xavier"]
[Black "Wallart, Adrien"]
[Result "0-1"]
[WhiteElo "2119"]
[BlackElo "2207"]
[PlyCount "66"]
[EventDate "2010.10.17"]
[EventType "team-tourn"]
[EventRounds "11"]
[EventCountry "FRA"]
[SourceTitle "EXT 2012"]
[Source "ChessBase"]
[SourceDate "2011.11.24"]
[SourceVersion "1"]
[SourceVersionDate "2011.11.24"]
[SourceQuality "1"]

1. d4 Nf6 2. Nf3 g6 3. Bg5 Bg7 4. Nbd2 0-0 5. e4 d5 6. exd5 Qxd5 7. Bc4 Qd6 8. c3 Be6 9. Bxf6 exf6 10. 0-0 Bg4 11. h3 Bf5 12. Re1 Nc6 13. b4 Rae8 14. Qb3 Nd8 15. Rxe8 Rxe8 16. Qa4 c6 17. Qxa7 Qf4 18. Qa5 Bf8 19. Kf1 b5 20. Be2 Bc2 21. Rc1 Ba4 22. Bd1 Bxd1 23. Rxd1 Qf5 24. Qa3 Qd3+ 25. Kg1 Bh6 26. Qb3 Ne6 27. Nf1 Qf5 28. a4 Nf4 29. N3h2 Ne2+ 30. Kh1 Qxf2 31. Nf3 Nf4 32. Rd2 Qxf1+ 33. Kh2 Nxg2 0-1

[Event "FRA-chT2 Nord 0708"]
[Site "France"]
[Date "2008.01.19"]
[Round "5.2"]
[White "Sohier, Julien"]
[Black "Wallart, Adrien"]
[Result "1/2-1/2"]
[WhiteElo "2272"]
[BlackElo "2170"]
[PlyCount "89"]
[EventDate "2007.10.21"]
[EventType "team"]
[EventRounds "11"]
[EventCountry "FRA"]
[SourceTitle "EXT 2009"]
[Source "ChessBase"]
[SourceDate "2008.11.26"]
[SourceVersion "1"]
[SourceVersionDate "2008.11.26"]
[SourceQuality "1"]
[WhiteTeam "Club 608"]
[BlackTeam "Henin Beaumont"]
[WhiteTeamCountry "FRA"]
[BlackTeamCountry "FRA"]

1. e4 e5 2. Nf3 Nc6 3. Bb5 a6 4. Ba4 Nf6 5. 0-0 Be7 6. Re1 b5 7. Bb3 d6 8. c3 0-0 9. h3 Nb8 10. d4 Nbd7 11. Nbd2 Bb7 12. Bc2 Re8 13. Nf1 Bf8 14. Ng3 g6 15. a4 c5 16. d5 c4 17. Bg5 h6 18. Be3 Nc5 19. Qd2 h5 20. Bg5 Be7 21. Ra3 Qc7 22. Rea1 Rab8 23. axb5 axb5 24. Ra5 Bc8 25. Ra7 Rb7 26. R7a3 Rb8 27. Nh2 Nh7 28. Be3 Bf6 29. Ne2 Qd8 30. Nf1 Ng5 31. Bxc5 dxc5 32. Kh1 Qd6 33. Ne3 Ne6 34. Nc1 Nc7 35. b3 cxb3 36. Nxb3 c4 37. Na5 Bd7 38. Bd1 Rec8 39. Qb2 Ne8 40. Nc2 Be7 41. Nb4 Qf6 42. R3a2 Bxb4 43. Qxb4 Qh4 44. Re2 Rb6 45. Bc2 1/2-1/2

[Event "FRA-chT2 Nord 0708"]
[Site "France"]
[Date "2007.12.16"]
[Round "4.2"]
[White "Wallart, Adrien"]
[Black "Julve, Philippe"]
[Result "0-1"]
[WhiteElo "2162"]
[BlackElo "2224"]
[PlyCount "110"]
[EventDate "2007.10.21"]
[EventType "team"]
[EventRounds "11"]
[EventCountry "FRA"]
[SourceTitle "EXT 2009"]
[Source "ChessBase"]
[SourceDate "2008.11.26"]
[SourceVersion "1"]
[SourceVersionDate "2008.11.26"]
[SourceQuality "1"]
[WhiteTeam "Henin Beaumont"]
[BlackTeam "Lille"]
[WhiteTeamCountry "FRA"]
[BlackTeamCountry "FRA"]

1. c4 d6 2. Nc3 g6 3. Nf3 Bg7 4. g3 Nc6 5. Bg2 e5 6. d3 Nh6 7. Rb1 0-0 8. 0-0 Nd4 9. b4 Nxf3+ 10. Bxf3 f5 11. Qb3 Kh8 12. b5 f4 13. Bb2 Nf5 14. Ne4 fxg3 15. hxg3 Be6 16. Kg2 g5 17. Nd2 Qc8 18. Rh1 h6 19. e3 Ne7 20. d4 g4 21. Be4 c6 22. bxc6 bxc6 23. Ba3 Rd8 24. Qb7 Rd7 25. Qxc8+ Rxc8 26. dxe5 dxe5 27. Rb2 Ng8 28. Rc2 Nf6 29. Bg6 Rcd8 30. Nb3 Rd1 31. Rxd1 Rxd1 32. Na5 Nd7 33. Nxc6 Nb6 34. Na5 Bf6 35. c5 Nc8 36. Be4 h5 37. Nc6 Ra1 38. Nb4 a5 39. Nd5 Kg7 40. Bb2 Rxa2 41. Nc3 a4 42. Nxa2 Bxa2 43. Bf5 Bb1 44. Bd3 e4 45. Bxf6+ Kxf6 46. Bxe4 a3 47. Rc4 a2 48. Ra4 Bxe4+ 49. Kf1 Bb1 50. Ke2 Ne7 51. Kd2 Ke5 52. Kc1 Nc6 53. Kb2 Kd5 54. Ra8 Nb4 55. Rh8 Nc2 0-1

[Event "Bethune op 24th"]
[Site "Bethune"]
[Date "2003.12.28"]
[Round "5"]
[White "Degraeve, Jean Marc"]
[Black "Wallart, Adrien"]
[Result "1-0"]
[WhiteElo "2562"]
[BlackElo "2243"]
[PlyCount "87"]
[EventDate "2003.12.26"]
[EventType "swiss"]
[EventRounds "9"]
[EventCountry "FRA"]
[SourceTitle "CBM 098 Extra"]
[Source "ChessBase"]
[SourceDate "2004.03.10"]
[SourceVersion "2"]
[SourceVersionDate "2004.03.10"]
[SourceQuality "1"]

1. e4 c6 2. d4 g6 3. Nc3 d5 4. h3 Bg7 5. Nf3 Nh6 6. Be2 0-0 7. 0-0 f6 8. Re1 Nf7 9. Bf1 b6 10. a4 a6 11. e5 fxe5 12. dxe5 e6 13. Bf4 a5 14. Ne2 c5 15. Nc3 Nc6 16. Nb5 Ba6 17. c3 Bxb5 18. axb5 Ne7 19. Qd2 Qd7 20. Rad1 Rad8 21. c4 d4 22. Bd3 Kh8 23. h4 Rg8 24. g3 Nf5 25. h5 Bh6 26. hxg6 Bxf4 27. Qxf4 Rxg6 28. Kg2 N7h6 29. Rh1 Rg4 30. Qd2 Qg7 31. Rh3 Rg8 32. Qe1 Rf4 33. Qe2 Rg4 34. Rdh1 Nxg3 35. fxg3 Rxg3+ 36. Kf1 Rf8 37. Be4 Rxh3 38. Rxh3 Nf5 39. Bxf5 Rxf5 40. Qe4 Qg5 41. Qa8+ Kg7 42. Qb7+ Kf8 43. Qxh7 Rf7 44. Qxf7+ 1-0

[Event "Bethune op 24th"]
[Site "Bethune"]
[Date "2003.12.26"]
[Round "1"]
[White "Wallart, Adrien"]
[Black "Swiercz, Kevin"]
[Result "0-1"]
[WhiteElo "2243"]
[BlackElo "2042"]
[PlyCount "84"]
[EventDate "2003.12.26"]
[EventType "swiss"]
[EventRounds "9"]
[EventCountry "FRA"]
[SourceTitle "CBM 098 Extra"]
[Source "ChessBase"]
[SourceDate "2004.03.10"]
[SourceVersion "2"]
[SourceVersionDate "2004.03.10"]
[SourceQuality "1"]

1. d4 d5 2. Nf3 Nf6 3. c4 c6 4. Nc3 dxc4 5. a4 Bf5 6. e3 e6 7. Bxc4 Bb4 8. 0-0 0-0 9. Qe2 Nbd7 10. e4 Bg4 11. Rd1 Qe7 12. Bg5 e5 13. d5 Rad8 14. h3 Bxf3 15. Qxf3 h6 16. Bh4 g5 17. Bg3 Bxc3 18. d6 Qe8 19. bxc3 Kg7 20. Qf5 Nh5 21. Ra2 f6 22. Bh2 Nc5 23. Be2 Qg6 24. Bxh5 Qxh5 25. f3 Qf7 26. Ra3 Qc4 27. h4 Nd3 28. Bg3 Qc5+ 29. Kh2 Qxa3 30. Rxd3 Rxd6 31. h5 Kf7 32. Re3 Qc5 33. Re1 Rg8 34. Qh7+ Rg7 35. Qxh6 Rd8 36. Rb1 b6 37. Be1 Rdg8 38. Rd1 Qe7 39. c4 Ke6 40. c5 bxc5 41. f4 gxf4 42. Bh4 Rh7 0-1

[Event "Bethune op-A 23th"]
[Site "Bethune"]
[Date "2002.12.26"]
[Round "1"]
[White "Lucas, Jean"]
[Black "Wallart, Adrien"]
[Result "0-1"]
[WhiteElo "2048"]
[BlackElo "2261"]
[PlyCount "120"]
[EventDate "2002.12.26"]
[EventType "swiss"]
[EventRounds "7"]
[EventCountry "FRA"]
[SourceTitle "CBM 091 Extra"]
[Source "ChessBase"]
[SourceDate "2003.01.09"]
[SourceVersion "1"]
[SourceVersionDate "2003.01.09"]
[SourceQuality "1"]

1. e4 d6 2. d4 Nf6 3. Nc3 g6 4. Nf3 Bg7 5. Be2 0-0 6. 0-0 Nc6 7. Be3 Bg4 8. h3 Bxf3 9. Bxf3 e5 10. dxe5 Nxe5 11. Be2 Re8 12. f4 Nc6 13. Bf3 Nd7 14. Bf2 Nb6 15. Rb1 Rb8 16. Nd5 Nxd5 17. exd5 Ne7 18. g4 Qd7 19. Qd3 Qa4 20. c4 b5 21. b3 Qxa2 22. Bd4 bxc4 23. Qxc4 Bxd4+ 24. Qxd4 Rxb3 25. Rxb3 Qxb3 26. Qxa7 Nxd5 27. Bxd5 Qxd5 28. Qxc7 Re2 29. Qc8+ Kg7 30. Qc3+ f6 31. Qf3 Qc5+ 32. Kh1 Rb2 33. h4 Qc2 34. Qg3 d5 35. g5 f5 36. Ra1 Qe4+ 37. Kg1 Qd4+ 38. Kh1 Rd2 39. Rc1 Rd1+ 40. Rxd1 Qxd1+ 41. Kg2 d4 42. Qa3 Qg4+ 43. Kf1 Qxf4+ 44. Kg2 Qe4+ 45. Kf1 Qh1+ 46. Ke2 Qe4+ 47. Kd1 d3 48. Qa7+ Kf8 49. Qc5+ Kf7 50. Qc7+ Ke6 51. Qc8+ Ke5 52. Qc7+ Kd4 53. Qb6+ Kc3 54. Qa5+ Qb4 55. Qe5+ Kb3 56. Qd5+ Qc4 57. Qb7+ Ka2 58. Qa7+ Kb2 59. Qg7+ Qc3 60. Qb7+ Qb3+ 0-1

[Event "FRA-chT2S 0203"]
[Site "France"]
[Date "2002.11.16"]
[Round "2.4"]
[White "Serafimov, Tervel"]
[Black "Wallart, Adrien"]
[Result "1-0"]
[WhiteElo "2268"]
[BlackElo "2245"]
[PlyCount "81"]
[EventDate "2002.10.??"]
[EventType "team"]
[EventRounds "11"]
[EventCountry "FRA"]
[SourceTitle "EXT 2004"]
[Source "ChessBase"]
[SourceDate "2003.11.25"]
[SourceVersion "1"]
[SourceVersionDate "2003.11.25"]
[SourceQuality "1"]
[WhiteTeam "AECE"]
[BlackTeam "Le Touquet"]
[WhiteTeamCountry "FRA"]
[BlackTeamCountry "FRA"]

1. c4 e6 2. g3 d5 3. Nf3 Nf6 4. Bg2 Be7 5. 0-0 0-0 6. b3 b6 7. Bb2 Bb7 8. e3 Nbd7 9. Nc3 c5 10. Rc1 Rc8 11. Qe2 dxc4 12. bxc4 Qc7 13. Rfd1 Rfd8 14. d3 Qb8 15. Ne1 Bf8 16. f4 Bxg2 17. Qxg2 a6 18. a4 Qc7 19. g4 Nb8 20. g5 Ne8 21. h4 Nd6 22. h5 Nf5 23. Qh3 h6 24. Ne4 Nc6 25. Rc2 hxg5 26. Rg2 Be7 27. h6 Nh4 28. Nxg5 Bxg5 29. Rxg5 Ng6 30. hxg7 Nd4 31. exd4 cxd4 32. Rh5 Kxg7 33. Nf3 Qxf4 34. Bc1 Qd6 35. Rh7+ Kg8 36. Bg5 Kf8 37. Bf6 Ke8 38. Bxd8 Rxd8 39. Qh2 Qc6 40. Ne5 Qxa4 41. Rf1 1-0

[Event "Le Touquet op 17th"]
[Site "Le Touquet"]
[Date "2002.11.01"]
[Round "8"]
[White "Wallart, Adrien"]
[Black "Houdart, David"]
[Result "1/2-1/2"]
[WhiteElo "2261"]
[BlackElo "2086"]
[PlyCount "88"]
[EventDate "2002.10.27"]
[EventType "swiss"]
[EventRounds "9"]
[EventCountry "FRA"]
[SourceTitle "EXT 2003"]
[Source "ChessBase"]
[SourceDate "2002.11.25"]
[SourceVersion "1"]
[SourceVersionDate "2002.11.25"]
[SourceQuality "1"]

1. e4 c5 2. Nf3 e6 3. d4 cxd4 4. Nxd4 a6 5. Nc3 b5 6. Bd3 Qb6 7. Be3 Bc5 8. Be2 Nc6 9. Nxc6 Bxe3 10. fxe3 dxc6 11. Qd4 Qxd4 12. exd4 e5 13. d5 Bb7 14. 0-0-0 Nf6 15. b4 Rc8 16. Kb2 0-0 17. Rhf1 cxd5 18. Nxd5 Bxd5 19. exd5 Rfd8 20. d6 Ne4 21. d7 Rc7 22. Rd5 f6 23. Bg4 Rc6 24. Rf3 g6 25. Re3 Nd6 26. Be6+ Kf8 27. Rc5 Rxc5 28. bxc5 Ke7 29. Rd3 Nc4+ 30. Bxc4 bxc4 31. Ra3 Rxd7 32. Kc3 Ke6 33. Rxa6+ Kd5 34. Kb4 Rb7+ 35. Rb6 Rxb6+ 36. cxb6 Kc6 37. Kxc4 f5 38. b7 Kxb7 39. Kd5 e4 40. Kd4 Kc6 41. c4 Kc7 42. g4 f4 43. Kxe4 g5 44. h4 h6 1/2-1/2

[Event "Le Touquet op 17th"]
[Site "Le Touquet"]
[Date "2002.10.28"]
[Round "3"]
[White "Inkiov, Ventzislav"]
[Black "Wallart, Adrien"]
[Result "1-0"]
[WhiteElo "2424"]
[BlackElo "2261"]
[PlyCount "43"]
[EventDate "2002.10.27"]
[EventType "swiss"]
[EventRounds "9"]
[EventCountry "FRA"]
[SourceTitle "EXT 2003"]
[Source "ChessBase"]
[SourceDate "2002.11.25"]
[SourceVersion "1"]
[SourceVersionDate "2002.11.25"]
[SourceQuality "1"]

1. d4 d5 2. c4 dxc4 3. e4 e5 4. Nf3 exd4 5. Bxc4 Nc6 6. 0-0 Be6 7. Bxe6 fxe6 8. Qb3 Qd7 9. Qxb7 Rb8 10. Qa6 Nf6 11. Nbd2 Bc5 12. Qc4 Bb6 13. b4 0-0 14. a4 a5 15. b5 Nb4 16. Ba3 c5 17. bxc6 Qxc6 18. Qxc6 Nxc6 19. Bxf8 Kxf8 20. Rac1 Nb4 21. Nc4 Ba7 22. Ng5 1-0

[Event "FRA-chT2S 0203"]
[Site "France"]
[Date "2002.10.13"]
[Round "1.3"]
[White "Bauduin, Etienne"]
[Black "Wallart, Adrien"]
[Result "1/2-1/2"]
[WhiteElo "2270"]
[BlackElo "2245"]
[PlyCount "72"]
[EventDate "2002.10.??"]
[EventType "team"]
[EventRounds "11"]
[EventCountry "FRA"]
[SourceTitle "EXT 2004"]
[Source "ChessBase"]
[SourceDate "2003.11.25"]
[SourceVersion "1"]
[SourceVersionDate "2003.11.25"]
[SourceQuality "1"]
[WhiteTeam "Arras"]
[BlackTeam "Le Touquet"]
[WhiteTeamCountry "FRA"]
[BlackTeamCountry "FRA"]

1. e4 c6 2. d4 d5 3. exd5 cxd5 4. c4 Nf6 5. Nc3 e6 6. Nf3 Be7 7. cxd5 Nxd5 8. Bd3 Nc6 9. 0-0 0-0 10. Qe2 Nf6 11. Rd1 Nb4 12. Bc4 Nbd5 13. Ne5 Bd7 14. Bg5 Bc6 15. Nxc6 bxc6 16. Rac1 Rb8 17. Bb3 Nxc3 18. bxc3 Nd5 19. Bd2 Bg5 20. c4 Bxd2 21. Qxd2 Ne7 22. Qf4 Rb7 23. Rc3 Rd7 24. Bc2 c5 25. Rcd3 cxd4 26. Rxd4 Rxd4 27. Qxd4 Qxd4 28. Rxd4 g6 29. Rd7 Nc6 30. Be4 Rb8 31. Rc7 Na5 32. Rxa7 Nxc4 33. Ra8 Rxa8 34. Bxa8 Kf8 35. Kf1 Ke7 36. Ke2 Kd6 1/2-1/2

[Event "FRA-chT3 Gr8 0102"]
[Site "France"]
[Date "2002.01.20"]
[Round "5"]
[White "Wallart, Adrien"]
[Black "Catteau, Bruno"]
[Result "1-0"]
[WhiteElo "2229"]
[BlackElo "2185"]
[PlyCount "129"]
[EventDate "2001.10.??"]
[EventType "team"]
[EventRounds "9"]
[EventCountry "FRA"]
[SourceTitle "EXT 2005"]
[Source "ChessBase"]
[SourceDate "2004.11.15"]
[SourceVersion "1"]
[SourceVersionDate "2004.11.15"]
[SourceQuality "1"]

1. d4 d5 2. c4 c6 3. Nf3 e6 4. Qc2 f5 5. g3 Nf6 6. Bg2 Bd6 7. 0-0 0-0 8. b3 Qe7 9. Bb2 b6 10. Nbd2 Bb7 11. Ne5 Rc8 12. Rac1 Nbd7 13. Qb1 Ne4 14. Nxe4 fxe4 15. cxd5 cxd5 16. Nxd7 Qxd7 17. f3 exf3 18. exf3 Ba6 19. Rfe1 Bb4 20. Re3 Bd2 21. Rxc8+ Rxc8 22. Re5 Rc6 23. Bh3 Qf7 24. Qd1 Bb4 25. f4 g6 26. a3 Bf8 27. Qe1 Bc8 28. Re2 h6 29. b4 a6 30. Qb1 b5 31. Rc2 Rc4 32. Bf1 Bg7 33. Bxc4 dxc4 34. Re2 Bb7 35. Bc3 Bd5 36. Qc2 Kh7 37. Kf1 Qa7 38. Qd2 Qd7 39. Ke1 Qf7 40. Qc2 Qa7 41. Qb2 Qf7 42. Kd2 Qf5 43. Qc2 Qf7 44. Kc1 Qa7 45. Qd2 Qf7 46. Kb2 Qf5 47. Re3 Qh3 48. Qe2 Qf5 49. Qf1 h5 50. h3 Bh6 51. Re5 Qf7 52. Qb1 Kg8 53. h4 Qf8 54. a4 Bg7 55. axb5 axb5 56. Kc1 Kf7 57. Qa1 Qe7 58. Re2 Qd7 59. Ra2 Bb7 60. Ra7 Qc6 61. Qa5 Qd5 62. Qa6 Qh1+ 63. Kb2 Qg2+ 64. Ka3 Qe2 65. Qxb7+ 1-0

[Event "Bethune op 22nd"]
[Site "Bethune"]
[Date "2001.12.30"]
[Round "7"]
[White "Wallart, Adrien"]
[Black "Therkildsen, Thomas"]
[Result "1-0"]
[WhiteElo "2229"]
[BlackElo "2108"]
[PlyCount "97"]
[EventDate "2001.12.26"]
[EventType "swiss"]
[EventRounds "7"]
[EventCountry "FRA"]
[SourceTitle "CBM 085 Extra"]
[Source "ChessBase"]
[SourceDate "2002.01.21"]
[SourceVersion "1"]
[SourceVersionDate "2002.01.21"]
[SourceQuality "1"]

1. d4 Nf6 2. c4 c5 3. d5 e5 4. Nc3 d6 5. e4 Be7 6. h3 Nfd7 7. Nf3 Nf8 8. Be2 Ng6 9. 0-0 0-0 10. Re1 h6 11. a3 Nd7 12. b4 b6 13. Bf1 a6 14. Rb1 Ra7 15. Bd2 Nh4 16. Nxh4 Bxh4 17. Qc2 Qf6 18. Nd1 Bg5 19. Ne3 h5 20. Rb3 Rc7 21. bxc5 bxc5 22. Ba5 Ra7 23. Reb1 g6 24. Bd2 Qd8 25. Bd3 Kh7 26. Nf1 Kh6 27. Be2 Bxd2 28. Qxd2+ Qg5 29. Qxg5+ Kxg5 30. h4+ Kh6 31. Ng3 Kg7 32. Bd1 Rh8 33. R3b2 Kf6 34. Nf1 Ke7 35. Ba4 Nf6 36. Nd2 Nd7 37. Bc2 Kd8 38. a4 Kc7 39. a5 Rb7 40. Ba4 Rxb2 41. Rxb2 Nb8 42. Rb6 Bb7 43. f4 f6 44. fxe5 fxe5 45. Nf3 Bc8 46. Nxe5 Rh7 47. Nd3 Bb7 48. e5 dxe5 49. Nxc5 1-0

[Event "Fourmies op 25th"]
[Site "Fourmies"]
[Date "2001.06.02"]
[Round "2"]
[White "Shchekachev, Andrei"]
[Black "Wallart, Adrien"]
[Result "1-0"]
[WhiteElo "2543"]
[BlackElo "2207"]
[PlyCount "63"]
[EventDate "2001.06.02"]
[EventType "swiss"]
[EventRounds "7"]
[EventCountry "FRA"]
[SourceTitle "EXT 2002"]
[Source "ChessBase"]
[SourceDate "2001.11.25"]
[SourceVersion "1"]
[SourceVersionDate "2001.11.25"]
[SourceQuality "1"]

1. e4 c5 2. Nf3 Nc6 3. Bb5 g6 4. Bxc6 bxc6 5. 0-0 Bg7 6. Re1 Nh6 7. c3 0-0 8. d4 cxd4 9. cxd4 f6 10. Nc3 d6 11. b3 Nf7 12. Bb2 Bd7 13. Qd3 Qa5 14. Nd2 Rad8 15. Rad1 Bc8 16. Qc2 Ba6 17. a3 Qb6 18. b4 Rfe8 19. Nb3 Rc8 20. Bc1 Bc4 21. Na5 Be6 22. Qe2 Nd8 23. Be3 Qb8 24. d5 cxd5 25. Nxd5 Nc6 26. Nxc6 Rxc6 27. Rc1 Bxd5 28. exd5 Rxc1 29. Rxc1 Qb7 30. Rc6 Ra8 31. b5 f5 32. Qc4 1-0

[Event "Ligue-ch"]
[Site "France"]
[Date "2001.??.??"]
[Round "?"]
[White "Depoorter, Enguerran"]
[Black "Wallart, Adrien"]
[Result "0-1"]
[WhiteElo "2016"]
[BlackElo "2207"]
[PlyCount "96"]
[EventDate "2001.??.??"]
[EventType "swiss"]
[EventRounds "7"]
[EventCountry "FRA"]
[SourceTitle "EXT 2005"]
[Source "ChessBase"]
[SourceDate "2004.11.15"]
[SourceVersion "1"]
[SourceVersionDate "2004.11.15"]
[SourceQuality "1"]

1. d4 Nf6 2. c4 g6 3. Nc3 d5 4. cxd5 Nxd5 5. e4 Nxc3 6. bxc3 Bg7 7. Bc4 c5 8. Ne2 0-0 9. 0-0 Nc6 10. Be3 Bg4 11. f3 Bd7 12. Rb1 Na5 13. Bd5 Qc7 14. Bf4 Qc8 15. Qd2 e6 16. Bb3 Nxb3 17. Rxb3 Ba4 18. Rbb1 Rd8 19. Qb2 b6 20. Be3 Qc6 21. e5 Rac8 22. Rfc1 f6 23. exf6 Bxf6 24. dxc5 bxc5 25. Qb7 Rd7 26. Qxc6 Rxc6 27. Rb8+ Kf7 28. Rcb1 Bc2 29. R1b7 Rcc7 30. Rxc7 Rxc7 31. Kf2 Bd3 32. Rb3 Ke7 33. Ra3 Kd6 34. Bf4+ e5 35. Be3 Kd5 36. c4+ Bxc4 37. Nc3+ Kc6 38. Ne4 Be7 39. Rc3 Kd5 40. a3 Ba6 41. Ke1 c4 42. Kd2 Rb7 43. Kc2 Bb5 44. Nd2 Ba4+ 45. Kc1 Bb5 46. Kc2 a5 47. g3 Ba4+ 48. Kc1 Bb3 0-1